00379nam a2200097 4500008004100000245007700041260005700118942000700175952008400182999001500266240223b |||||||| |||| 00| 0 eng d aJournal of the royal Asiatic society of Sri Lanka : New series-Vol. XLII aColombo :bRoyal Asiatic society of Sri Lanka,c1999 cCR 00102ddc4070aMAINbMAINd2024-02-23l0pRAF5097r2024-02-23w2024-02-23yCR c4805d4805